Houslová přípravka a škola pro začátečníky

Bibliographic Details
Main Author: Čermák, Jan (Author)
Format: Book
Language:Undetermined
PhysicalDescription:106 s.
Published: Praha Supraphon 1986

MARC

LEADER 00000nam a2200000 a 4500
001 vtls001270189
003 SK-MaSNL
005 20260301102539.0
008 240318s1986 xx 0 und
035 |a SNK000221263 
040 |a SNK  |b slo  |c SNK  |e AACR2 
100 1 |a Čermák, Jan  |4 aut  |9 281567 
245 1 0 |a Houslová přípravka a škola pro začátečníky 
260 |a Praha  |b Supraphon  |c 1986 
300 |a 106 s. 
958 |a OND 
999 |c 692452  |d 694382 
952 |t P60, <04>, [BOOK], {604}  |a SNK  |b SNK  |y VYP  |7 0  |p 17A0027498  |o snkHIB 12950  |0 0  |1 0  |4 0  |d 1996-12-16  |l 0  |r 2005-01-01 00:00:00  |w 2026-02-23 
952 |a SNK  |b SNK  |y VYP  |7 0  |p 17A0483946  |o snkHIB 12950 D1  |i snkKIP 3214/86  |0 0  |1 0  |4 0  |d 2005-09-22  |l 0  |r 2026-02-23 20:31:37  |w 2026-02-23